Итоги научно-исследовательских работ и курсового проектирования студентов 1-6 курсов кафедры промышленной электроники. Вып. 5 (Запись № 2718338)

Подробности
000 -МАРКЕР
контрольное поле 01997nam2a2200289 4500
001 - ИДЕНТИФИКАТОР ЗАПИСИ
контрольное поле RU\NLR\bibl\1885682
005 - ИДЕНТИФИКАТОР ВЕРСИИ
контрольное поле 20260408065411.0
010 ## - МЕЖДУНАРОДНЫЙ СТАНДАРТНЫЙ НОМЕР КНИГИ (ISBN)
Номер (ISBN) 978-5-86889-569-2
Тираж 100
021 ## - НОМЕР ГОСУДАРСТВЕННОЙ РЕГИСТРАЦИИ
Код страны Российская Федерация
Номер 2012-18693
Номер Листа государственной регистраци 1408
035 ## - ДРУГИЕ СИСТЕМНЫЕ НОМЕРА
Идентификатор записи (NLR Aleph) 001875421
100 ## - ДАННЫЕ ОБЩЕЙ ОБРАБОТКИ
Данные общей обработки 20120330d2011 |||y0rusy50 ca
101 0# - ЯЗЫК РЕСУРСА
Язык текста, звукозаписи и т.д. русский
102 ## - СТРАНА ПУБЛИКАЦИИ ИЛИ ПРОИЗВОДСТВА
Страна публикации Российская Федерация
105 ## - ПОЛЕ КОДИРОВАННЫХ ДАННЫХ: ТЕКСТОВЫЕ МАТЕРИАЛЫ, МОНОГРАФИЧЕСКИЕ
Кодированные данные о монографическом текстовом документе a z |||||
200 0# - ЗАГЛАВИЕ И СВЕДЕНИЯ ОБ ОТВЕТСТВЕННОСТИ
Основное заглавие Вып. 5
Сведения, относящиеся к заглавию материалы ежегодной научно-практической конференции, 25-29 апреля 2011 г.
210 ## - ПУБЛИКАЦИЯ, РАСПРОСТРАНЕНИЕ И ДР.
Дата издания, распространения и т.д. 2011
Место издания, распространения и т.д. Б. м.
215 ## - ФИЗИЧЕСКАЯ ХАРАКТЕРИСТИКА
Специфическое обозначение материала и объем 80 с.
Другие сведения о физической характеристике ил.
320 ## - ПРИМЕЧАНИЯ О НАЛИЧИИ В ДОКУМЕНТЕ БИБЛИОГРАФИИ / УКАЗАТЕЛЯ
Текст примечания Библиогр. в конце ст.
461 #0 - УРОВЕНЬ НАБОРА
Встроенное поле 001RU\NLR\bibl\1830375
-- 2001#$aИтоги научно-исследовательских работ и курсового проектирования студентов 1-6 курсов кафедры промышленной электроники$vВып. 5
Системный номер (АБИС) связанной записи 2003948
Место публикации Томск
Дата публикации 2010
Первые сведения об ответственности под ред. канд. техн. наук В.Д. Семенова
Имя издателя, распространителя и т.д. Изд-во Томского государственного университета систем управления и радиоэлектроники
Сведения, относящиеся к заглавию [материалы конференций]
Заглавие Итоги научно-исследовательских работ и курсового проектирования студентов 1-6 курсов кафедры промышленной электроники
Номер тома Вып. 5
711 12 - НАИМЕНОВАНИЕ ОРГАНИЗАЦИИ - АЛЬТЕРНАТИВНАЯ ОТВЕТСТВЕННОСТЬ
Начальный элемент ввода "Итоги научно-исследовательских работ и курсового проектирования студентов 1-6 курсов кафедры промышленной электроники", научно-практическая конференция
Дата проведения временной организации 2011
Место проведения временной организации Томск
Идентификатор авторитетной/нормативной записи RU\NLR\AUTH\8810211126
Системный номер авторитетной/нормативной записи 309469
801 #0 - ИСТОЧНИК ЗАПИСИ
Страна Российская Федерация
Организация NLR
Дата составления 20120330
Правила каталогизации RCR
801 #1 - ИСТОЧНИК ЗАПИСИ
Страна Российская Федерация
Организация NLR
Дата составления 20120330
942 ## - ДОПОЛНИТЕЛЬНЫЕ ЭЛЕМЕНТЫ ЗАПИСИ (АБИС)
Тип экземпляра АБИС Книга
980 ## - КОЛЛЕКЦИЯ
Название коллекции Национальная библиография
Экземпляры
Тип экземпляра Дата поступления Источник поступления Библиотека постоянного хранения Библиотека текущего хранения Место хранения Шифр хранения Штрих-код Статус экземпляра
Книга 30.03.2012 Обязательный экземпляр РНБ (Московский) РНБ (Московский) Русский книжный фонд: издания с 1957 года 2011-4/1573 3623900  
Книга 30.03.2012 Обязательный экземпляр РНБ (Московский) РНБ (Московский) Русский книжный фонд: издания с 1957 года 2011-4/1573 3623901